000 00525pab a2200193 454500
008 180718b2014 xxu||||| |||| 00| 0 eng d
100 _aPentsil, S.
245 _aA review of climate change adaptation strategies by farmers in Ghana
260 _c2014
300 _ap.39-59.
362 _aJul-Dec
650 _aFarmers - Ghana
650 _aClimatic change - Ghana
650 _aClimatic change
700 _aMensah, J.K.
773 _aAfrican-Asian Journal of Rural Development
908 _aN
909 _a107003
999 _c106998
_d106998